000 00387nam a2200181Ia 4500
003 0100
008 130303s9999 xx 000 0 und d
040 _cARRUPELIB
050 _aJA81.T54 1966
100 _aThomson, David
245 _aPolitical Ideas
260 _aMiddlesex
260 _bPenguin Books
260 _C1966
300 _a205p.
300 _b 23 cm
942 0 0 _03
999 _c38756
_d38756